| 000 | 01290cam a22002771i 4500 | ||
|---|---|---|---|
| 003 | OSt | ||
| 005 | 20250521093935.0 | ||
| 008 | 250515s2014 su g 000 0 ara c | ||
| 020 | _a9786030141432 | ||
| 040 |
_aSA-JeALM _bara _cSA-RiAUC _erda |
||
| 043 | _aa-su--- | ||
| 082 | 0 | 4 |
_a384.5509531 _qSA-RiAUC |
| 090 |
_a384.5509531 _b ش ب ي |
||
| 100 | 1 |
_aالشبيلي، عبد الرحمن بن صالح بن عبد الله، _d1363-1440 هجري _eمؤلف. |
|
| 245 | 1 | 0 |
_aقصة التلفزيون في المملكة العربية السعودية : _bسبع حلقات توثيقية عرضتها قناة الثقافية في الذكرى الخمسين لتأسيسه / _cعبد الرحمن بن صالح الشبيلي. |
| 250 | _aالطبعة الأولى. | ||
| 264 | 1 |
_a[مكان النشر غير محدد] : _b[الناشر غير محدد]، _c2014 |
|
| 264 | 3 |
_aالرياض : _bمطبعة سفير _c2014 |
|
| 300 |
_a240 صفحة ؛ _bيوجد صور. _c22 سم. |
||
| 336 |
_aنص _btxt _2rdacontent _3كتاب |
||
| 337 |
_aبدون وسيط _bn _2rdamedia |
||
| 338 |
_aمجلد _bnc _2rdacarrier |
||
| 650 | 7 |
_aالتليفزيون _zالسعودية _xإرسال واستقبال _2aucsh |
|
| 942 |
_2ddc _cBOOK _n0 |
||
| 949 |
_aSA-JeALM _d250515 _uosman123 _n1 |
||
| 999 |
_c8221 _d8221 |
||